[Event "CZE-chT1E 1617"]
[Site "Czech Republic"]
[Date "2017.02.19"]
[Round "8.3"]
[White "Pacl, Vaclav"]
[Black "Cernin, Radim"]
[Result "1/2-1/2"]
[WhiteElo "2114"]
[BlackElo "2281"]
[PlyCount "63"]
[EventDate "2016.10.16"]
[EventType "team-tourn"]
[EventRounds "11"]
[EventCountry "CZE"]
[SourceTitle "CBM 177 Extra"]
[Source "ChessBase"]
[SourceDate "2017.04.27"]
[SourceVersion "1"]
[SourceVersionDate "2017.04.27"]
[SourceQuality "1"]
[WhiteTeam "Havirov Banik"]
[BlackTeam "Opava KVS"]
[WhiteTeamCountry "CZE"]
[BlackTeamCountry "CZE"]

1. Nf3 c5 2. c4 g6 3. Nc3 Bg7 4. g3 Nc6 5. Bg2 e5 6. 0-0 Nge7 7. d3 0-0 8. Bg5 f6 9. Be3 d6 10. a3 a5 11. Rb1 Rb8 12. Ne1 Nf5 13. Bd2 Be6 14. Nc2 Qd7 15. b4 axb4 16. axb4 b6 17. Nd5 Nce7 18. e4 Nh6 19. Nce3 Nxd5 20. cxd5 Bh3 21. bxc5 bxc5 22. Qc2 Bxg2 23. Kxg2 f5 24. f3 Nf7 25. Nc4 Bh6 26. Bc3 Rxb1 27. Qxb1 fxe4 28. fxe4 Ng5 29. Rxf8+ Bxf8 30. Qf1 Qh3+ 31. Kg1 Qg4 32. Ne3 1/2-1/2

[Event "CZE-chT1E 1516"]
[Site "Czech Republic"]
[Date "2016.03.20"]
[Round "10.3"]
[White "Simacek, Pavel"]
[Black "Cernin, Radim"]
[Result "1-0"]
[WhiteElo "2454"]
[BlackElo "2287"]
[PlyCount "85"]
[EventDate "2015.10.11"]
[EventType "team-tourn"]
[EventRounds "11"]
[EventCountry "CZE"]
[SourceTitle "EXT 2017"]
[Source "ChessBase"]
[SourceDate "2016.10.25"]
[SourceVersion "1"]
[SourceVersionDate "2016.10.25"]
[SourceQuality "1"]
[WhiteTeam "Brno Lokomotiva"]
[BlackTeam "Opava "]
[WhiteTeamCountry "CZE"]
[BlackTeamCountry "CZE"]

1. e4 c5 2. Nf3 g6 3. d4 cxd4 4. Qxd4 Nf6 5. e5 Nc6 6. Qa4 Nd5 7. Qe4 Nb6 8. Nc3 d5 9. exd6 Bf5 10. Qh4 Qxd6 11. Nb5 Qb4+ 12. Bd2 Qxh4 13. Nxh4 0-0-0 14. Nxf5 gxf5 15. 0-0-0 a6 16. Nc3 e6 17. Be2 h5 18. Bg5 Bh6 19. Rxd8+ Nxd8 20. h4 f6 21. Bxh6 Rxh6 22. Rh3 Nd7 23. Rg3 Ne5 24. Rg7 Ndc6 25. f4 Ng4 26. Bf3 e5 27. Nd5 exf4 28. Nxf4 Rh8 29. Bd5 Rd8 30. Be6+ Kb8 31. Rg8 Rxg8 32. Bxg8 Kc7 33. Kd2 Kd6 34. Bd5 Ke5 35. g3 Nf2 36. Bxc6 bxc6 37. Nxh5 f4 38. gxf4+ Kf5 39. Ke2 Ne4 40. Ke3 Nd6 41. b3 Nb5 42. c4 Nc3 43. Ng3+ 1-0

[Event "CZE-chT1E 1516"]
[Site "Czech Republic"]
[Date "2016.02.28"]
[Round "9.3"]
[White "Cernin, Radim"]
[Black "Malik, Jan"]
[Result "1/2-1/2"]
[WhiteElo "2287"]
[BlackElo "2301"]
[PlyCount "28"]
[EventDate "2015.10.11"]
[EventType "team-tourn"]
[EventRounds "11"]
[EventCountry "CZE"]
[SourceTitle "EXT 2017"]
[Source "ChessBase"]
[SourceDate "2016.10.25"]
[SourceVersion "1"]
[SourceVersionDate "2016.10.25"]
[SourceQuality "1"]
[WhiteTeam "Opava "]
[BlackTeam "Ostrava"]
[WhiteTeamCountry "CZE"]
[BlackTeamCountry "CZE"]

1. c4 e6 2. g3 d5 3. Bg2 c6 4. Nf3 Nf6 5. d3 dxc4 6. dxc4 Qxd1+ 7. Kxd1 Bc5 8. e3 0-0 9. b3 a5 10. Nc3 Bb4 11. Bb2 Na6 12. a3 Be7 13. Na4 Nc5 14. Nxc5 Bxc5 1/2-1/2

[Event "CZE-chT1E 1516"]
[Site "Czech Republic"]
[Date "2016.02.14"]
[Round "8.3"]
[White "Krcal, Michal"]
[Black "Cernin, Radim"]
[Result "1-0"]
[WhiteElo "2254"]
[BlackElo "2287"]
[PlyCount "103"]
[EventDate "2015.10.11"]
[EventType "team-tourn"]
[EventRounds "11"]
[EventCountry "CZE"]
[SourceTitle "CBM 170 Extra"]
[Source "ChessBase"]
[SourceDate "2016.02.25"]
[SourceVersion "1"]
[SourceVersionDate "2016.02.25"]
[SourceQuality "1"]
[WhiteTeam "Zlin"]
[BlackTeam "Opava "]
[WhiteTeamCountry "CZE"]
[BlackTeamCountry "CZE"]

1. e4 c5 2. Nf3 g6 3. c3 Bg7 4. d4 cxd4 5. cxd4 d5 6. exd5 Nf6 7. Nc3 Nxd5 8. Bc4 Nb6 9. Bb3 0-0 10. h3 Nc6 11. Be3 Na5 12. Bc2 Nac4 13. Qe2 Qc7 14. Bd3 Be6 15. 0-0 Rac8 16. Rac1 Nxe3 17. fxe3 Bc4 18. Bxc4 Qxc4 19. Qf2 Rc6 20. Qh4 e5 21. Rcd1 exd4 22. Nxd4 f5 23. Qe7 Rc7 24. Qa3 Ra8 25. Qd6 Rd7 26. Qf4 Nd5 27. Nxd5 Qxd5 28. Nxf5 Qxd1 29. Ne7+ Kh8 30. Rxd1 Rxd1+ 31. Kh2 Rf8 32. Qe4 Rd2 33. b4 Rxa2 34. Nxg6+ hxg6 35. Qh4+ Kg8 36. Qc4+ Rf7 37. Qxa2 Bf8 38. Qc4 b6 39. g4 Kg7 40. h4 Rf2+ 41. Kg3 Rf7 42. g5 Bd6+ 43. Kg4 Be7 44. Qc3+ Kh7 45. h5 a5 46. bxa5 bxa5 47. Qc2 Rg7 48. hxg6+ Kg8 49. Qc4+ Kh8 50. Kf5 Bb4 51. e4 Re7 52. Kf6 1-0

[Event "CZE-chT1E 1516"]
[Site "Czech Republic"]
[Date "2015.12.13"]
[Round "5.3"]
[White "Cernin, Radim"]
[Black "Blahynka, Martin"]
[Result "1/2-1/2"]
[WhiteElo "2287"]
[BlackElo "2400"]
[PlyCount "53"]
[EventDate "2015.10.11"]
[EventType "team-tourn"]
[EventRounds "11"]
[EventCountry "CZE"]
[SourceTitle "EXT 2017"]
[Source "ChessBase"]
[SourceDate "2016.10.25"]
[SourceVersion "1"]
[SourceVersionDate "2016.10.25"]
[SourceQuality "1"]
[WhiteTeam "Opava "]
[BlackTeam "Brno Moravska Slavia"]
[WhiteTeamCountry "CZE"]
[BlackTeamCountry "CZE"]

1. c4 b6 2. Nc3 Bb7 3. e4 e6 4. g3 f5 5. Bg2 Nf6 6. d3 fxe4 7. Nge2 Na6 8. Nxe4 Nxe4 9. dxe4 Bb4+ 10. Bd2 0-0 11. 0-0 Bxd2 12. Qxd2 Nc5 13. Nc3 a5 14. e5 Qc8 15. f4 a4 16. Rad1 Ra5 17. Bxb7 Qxb7 18. Qg2 Qxg2+ 19. Kxg2 c6 20. Rd4 Kf7 21. Rfd1 Rd8 22. Kf3 Ke7 23. h4 h5 24. R1d2 Ra7 25. Ne4 Nxe4 26. Kxe4 g6 27. Rd6 1/2-1/2

[Event "CZE-chT1E 1516"]
[Site "Czech Republic"]
[Date "2015.10.25"]
[Round "2.3"]
[White "Obsivac, Josef"]
[Black "Cernin, Radim"]
[Result "1/2-1/2"]
[WhiteElo "2326"]
[BlackElo "2287"]
[PlyCount "92"]
[EventDate "2015.10.11"]
[EventType "team-tourn"]
[EventRounds "11"]
[EventCountry "CZE"]
[SourceTitle "CBM 169 Extra"]
[Source "ChessBase"]
[SourceDate "2015.12.18"]
[SourceVersion "1"]
[SourceVersionDate "2015.12.18"]
[SourceQuality "1"]
[WhiteTeam "Grygov"]
[BlackTeam "Opava "]
[WhiteTeamCountry "CZE"]
[BlackTeamCountry "CZE"]

1. d4 Nf6 2. c4 g6 3. Nc3 d5 4. Bg5 Ne4 5. Bh4 Nxc3 6. bxc3 dxc4 7. e3 Be6 8. Rb1 Bg7 9. Rxb7 Nd7 10. Rb1 c5 11. Qa4 0-0 12. Nf3 Rb8 13. Rc1 Re8 14. Nd2 Nb6 15. Qa5 Qd5 16. Bg3 Rbc8 17. Be2 cxd4 18. Qxd5 Bxd5 19. cxd4 Bxg2 20. Rg1 Bd5 21. Nb1 e6 22. Nc3 Bf8 23. Rb1 Bc6 24. Bd1 Nd5 25. Ne4 f5 26. Nc5 Nc3 27. Rb4 Nxd1 28. Kxd1 Bf3+ 29. Kc2 Bxc5 30. dxc5 Rxc5 31. Kc3 Rd8 32. Rxc4 Rxc4+ 33. Kxc4 Rd2 34. a4 Kf7 35. Rc1 g5 36. Kb4 Kf6 37. Rc8 Rd5 38. Rc5 e5 39. h4 h6 40. hxg5+ hxg5 41. Rxd5 Bxd5 42. f4 exf4 43. exf4 g4 44. Kc5 Ke6 45. a5 Bg2 46. Bf2 Bf1 1/2-1/2

[Event "CZE-chT2F 1314"]
[Site "Czech Republic"]
[Date "2014.03.23"]
[Round "10.32"]
[White "Cernin, Radim"]
[Black "Kubos, Rostislav"]
[Result "1/2-1/2"]
[WhiteElo "2265"]
[BlackElo "2199"]
[PlyCount "132"]
[EventDate "2013.11.03"]
[EventType "team-tourn"]
[EventRounds "11"]
[EventCountry "CZE"]
[SourceTitle "EXT 2016"]
[Source "ChessBase"]
[SourceDate "2015.10.08"]
[SourceVersion "1"]
[SourceVersionDate "2015.10.08"]
[SourceQuality "1"]
[WhiteTeam "Opava KVS"]
[BlackTeam "Orlova Slavia II"]
[WhiteTeamCountry "CZE"]
[BlackTeamCountry "CZE"]

1. d4 Nf6 2. c4 e6 3. Nf3 Bb4+ 4. Bd2 a5 5. g3 0-0 6. Bg2 Bxd2+ 7. Nbxd2 d5 8. 0-0 Nc6 9. Rc1 Re8 10. e3 Qd6 11. Qc2 Bd7 12. Rfd1 Red8 13. a3 a4 14. Nb1 Ne4 15. Nc3 Nxc3 16. Qxc3 Rdc8 17. Ne5 Na5 18. cxd5 exd5 19. Qc5 Be6 20. Qxd6 cxd6 21. Nd3 Nb3 22. Rxc8+ Rxc8 23. Nb4 Kf8 24. Kf1 Bg4 25. f3 Bd7 26. Kf2 Be6 27. Bf1 Ke7 28. Bd3 Na5 29. Bb5 Nc4 30. Rc1 Nb6 31. Rxc8 Bxc8 32. g4 h6 33. h3 g5 34. Bd3 Be6 35. f4 Bd7 36. Kg3 f6 37. h4 Bc8 38. Na2 Bd7 39. Nc3 Bc6 40. Kf3 Kf8 41. h5 Ke7 42. Ke2 Bd7 43. f5 Bc6 44. Kd2 Kd7 45. Nd1 Nc4+ 46. Kc3 Nb6 47. Kb4 Kc7 48. Nc3 Kc8 49. Nb5 Kd7 50. Nc3 Kc8 51. Ka5 Kc7 52. Nb5+ Bxb5 53. Bxb5 Nc8 54. Kxa4 Nb6+ 55. Kb4 Nc8 56. a4 Ne7 57. b3 Nc8 58. Be8 Ne7 59. Kc3 Kd8 60. Bb5 Kc7 61. b4 Kb6 62. Bd3 Ka7 63. Bc2 b5 64. a5 Ka6 65. Bb3 Ka7 66. Bd1 Ka6 1/2-1/2

[Event "CZE-chT2F 1314"]
[Site "Czech Republic"]
[Date "2014.02.16"]
[Round "8.22"]
[White "Cernin, Radim"]
[Black "Jaworski, Miroslaw"]
[Result "1/2-1/2"]
[WhiteElo "2265"]
[BlackElo "2281"]
[PlyCount "23"]
[EventDate "2013.11.03"]
[EventType "team-tourn"]
[EventRounds "11"]
[EventCountry "CZE"]
[SourceTitle "EXT 2016"]
[Source "ChessBase"]
[SourceDate "2015.10.08"]
[SourceVersion "1"]
[SourceVersionDate "2015.10.08"]
[SourceQuality "1"]
[WhiteTeam "Opava KVS"]
[BlackTeam "Havirov Slovan"]
[WhiteTeamCountry "CZE"]
[BlackTeamCountry "CZE"]

1. d4 Nf6 2. c4 e6 3. Nf3 d5 4. cxd5 exd5 5. Nc3 c6 6. Qc2 g6 7. Bg5 Be7 8. e3 Bf5 9. Bd3 Bxd3 10. Qxd3 Nbd7 11. 0-0 0-0 12. Nd2 1/2-1/2

[Event "CZE-chT2F 1213"]
[Site "Czech Republic"]
[Date "2013.03.24"]
[Round "11.61"]
[White "Szwed, Jacek"]
[Black "Cernin, Radim"]
[Result "1-0"]
[WhiteElo "2251"]
[BlackElo "2277"]
[PlyCount "71"]
[EventDate "2012.10.14"]
[EventType "team-tourn"]
[EventRounds "11"]
[EventCountry "CZE"]
[SourceTitle "EXT 2016"]
[Source "ChessBase"]
[SourceDate "2015.10.08"]
[SourceVersion "1"]
[SourceVersionDate "2015.10.08"]
[SourceQuality "1"]
[WhiteTeam "Trinec II"]
[BlackTeam "Opava KVS"]
[WhiteTeamCountry "CZE"]
[BlackTeamCountry "CZE"]

1. e4 c5 2. Nf3 g6 3. d4 cxd4 4. Nxd4 Nc6 5. c4 Nf6 6. Nc3 d6 7. Be2 Nxd4 8. Qxd4 Bg7 9. Be3 0-0 10. Qd2 Be6 11. f3 Qa5 12. Rc1 Rfc8 13. b3 a6 14. Na4 Qxd2+ 15. Kxd2 Rc6 16. Nb6 Rd8 17. Nd5 Kf8 18. b4 Bxd5 19. cxd5 Rcc8 20. b5 axb5 21. Rxc8 Rxc8 22. Bxb5 e6 23. dxe6 fxe6 24. Rb1 d5 25. e5 Ng8 26. Bd7 Rc7 27. Bxe6 Bxe5 28. Bb6 Rg7 29. Bc5+ Ke8 30. Bxg8 Bf4+ 31. Kd3 Rxg8 32. Rxb7 Bxh2 33. Rxh7 Bg3 34. Ra7 Bb8 35. Ra8 Kf7 36. a4 1-0

[Event "CZE-chT2F 1112"]
[Site "Czech Republic"]
[Date "2011.10.09"]
[Round "1.3"]
[White "Mrva, Marek"]
[Black "Cernin, Radim"]
[Result "1/2-1/2"]
[WhiteElo "2211"]
[BlackElo "2269"]
[PlyCount "72"]
[EventDate "2011.10.09"]
[EventType "team-tourn"]
[EventRounds "11"]
[EventCountry "CZE"]
[SourceTitle "EXT 2013"]
[Source "ChessBase"]
[SourceDate "2012.11.22"]
[SourceVersion "1"]
[SourceVersionDate "2012.11.22"]
[SourceQuality "1"]
[WhiteTeam "Ostrava Mittal"]
[BlackTeam "Opava KVS"]
[WhiteTeamCountry "CZE"]
[BlackTeamCountry "CZE"]

1. e4 c5 2. Nf3 g6 3. d4 cxd4 4. Nxd4 Nc6 5. c4 Nf6 6. Nc3 d6 7. Be2 Nxd4 8. Qxd4 Bg7 9. Bg5 0-0 10. Qd2 Be6 11. 0-0 Qa5 12. Rac1 Rfc8 13. b3 a6 14. f3 b5 15. Nd5 Qxd2 16. Bxd2 Nxd5 17. cxd5 Bd4+ 18. Kh1 Bd7 19. Rxc8+ Rxc8 20. Rc1 Rc5 21. b4 Rxc1+ 22. Bxc1 h5 23. g4 hxg4 24. fxg4 f5 25. exf5 gxf5 26. g5 e5 27. dxe6 Bxe6 28. h4 Bxa2 29. Bd2 Bd5+ 30. Kh2 Be5+ 31. Kh3 Bc4 32. Bf3 Bf1+ 33. Bg2 Be2 34. Bc6 Bf1+ 35. Bg2 Bc4 36. Bf3 Bf1+ 1/2-1/2

[Event "CZE-chT2F 1011"]
[Site "Czech Republic"]
[Date "2011.03.27"]
[Round "10.3"]
[White "Cernin, Radim"]
[Black "Zavesicky, Petr"]
[Result "1-0"]
[WhiteElo "2231"]
[BlackElo "2043"]
[PlyCount "73"]
[EventDate "2010.10.17"]
[EventType "team-tourn"]
[EventRounds "11"]
[EventCountry "CZE"]
[SourceTitle "EXT 2012"]
[Source "ChessBase"]
[SourceDate "2011.11.24"]
[SourceVersion "1"]
[SourceVersionDate "2011.11.24"]
[SourceQuality "1"]
[WhiteTeam "Opava"]
[BlackTeam "Senov"]
[WhiteTeamCountry "CZE"]
[BlackTeamCountry "CZE"]

1. e4 e6 2. d3 d5 3. Nd2 c5 4. Ngf3 Nc6 5. g3 Nf6 6. Bg2 Be7 7. 0-0 0-0 8. e5 Nd7 9. Re1 Qc7 10. Qe2 b6 11. Nf1 Bb7 12. Bf4 d4 13. c4 a6 14. Rac1 b5 15. N1d2 Rac8 16. h4 Rfd8 17. h5 h6 18. g4 Nf8 19. g5 hxg5 20. Nxg5 Bxg5 21. Bxg5 Ne7 22. Ne4 Bxe4 23. Bxe4 Rd7 24. Qg4 Kh8 25. Bf6 gxf6 26. exf6 Neg6 27. hxg6 fxg6 28. Kf1 Qd8 29. Bxg6 Qxf6 30. Be4 Rf7 31. Qg2 Rcc7 32. Ke2 Rg7 33. Rh1+ Kg8 34. Qh2 Ng6 35. Bxg6 Qxg6 36. Rcg1 Qf5 37. Qh8+ 1-0

[Event "Olomouc Proclient Cup"]
[Site "Olomouc"]
[Date "2008.08.05"]
[Round "9"]
[White "Tibensky, Robert"]
[Black "Cernin, Radim"]
[Result "1/2-1/2"]
[WhiteElo "2416"]
[BlackElo "2277"]
[PlyCount "23"]
[EventDate "2008.07.30"]
[EventType "tourn"]
[EventRounds "11"]
[EventCountry "CZE"]
[EventCategory "3"]
[SourceTitle "CBM 125 Extra"]
[Source "ChessBase"]
[SourceDate "2008.09.01"]
[SourceVersion "1"]
[SourceVersionDate "2008.09.01"]
[SourceQuality "1"]

1. d4 Nf6 2. Nf3 e6 3. c4 Bb4+ 4. Nbd2 b6 5. e3 Bb7 6. Bd3 c5 7. 0-0 0-0 8. a3 Bxd2 9. Nxd2 cxd4 10. exd4 d5 11. Nf3 dxc4 12. Bxc4 1/2-1/2

[Event "Olomouc Proclient Cup"]
[Site "Olomouc"]
[Date "2008.08.04"]
[Round "8"]
[White "Cernin, Radim"]
[Black "Neoral, Antonin"]
[Result "1-0"]
[WhiteElo "2277"]
[BlackElo "2169"]
[PlyCount "61"]
[EventDate "2008.07.30"]
[EventType "tourn"]
[EventRounds "11"]
[EventCountry "CZE"]
[EventCategory "3"]
[SourceTitle "CBM 125 Extra"]
[Source "ChessBase"]
[SourceDate "2008.09.01"]
[SourceVersion "1"]
[SourceVersionDate "2008.09.01"]
[SourceQuality "1"]

1. e4 c5 2. Nf3 Nc6 3. d4 cxd4 4. Nxd4 g6 5. Nc3 Bg7 6. Nb3 Nf6 7. Be2 0-0 8. Be3 d6 9. f4 a6 10. g4 b5 11. g5 Nd7 12. Qd2 Bb7 13. a3 Rc8 14. h4 Re8 15. h5 Nb6 16. hxg6 hxg6 17. Rh4 b4 18. Nd1 a5 19. Bd3 a4 20. Nc1 bxa3 21. Rxa3 Qc7 22. Qf2 Nd7 23. Rxa4 Ra8 24. Rxa8 Rxa8 25. Bd2 Nc5 26. Bc3 Bxc3+ 27. Nxc3 e6 28. f5 Ne5 29. f6 Qd8 30. Be2 Ned7 31. Qh2 1-0

[Event "Olomouc Proclient Cup"]
[Site "Olomouc"]
[Date "2008.08.03"]
[Round "6"]
[White "Cernin, Radim"]
[Black "Golichenko, Ilja"]
[Result "0-1"]
[WhiteElo "2277"]
[BlackElo "2381"]
[PlyCount "118"]
[EventDate "2008.07.30"]
[EventType "tourn"]
[EventRounds "11"]
[EventCountry "CZE"]
[EventCategory "3"]
[SourceTitle "CBM 125 Extra"]
[Source "ChessBase"]
[SourceDate "2008.09.01"]
[SourceVersion "1"]
[SourceVersionDate "2008.09.01"]
[SourceQuality "1"]

1. c4 Nf6 2. Nc3 e5 3. Nf3 Nc6 4. g3 d5 5. cxd5 Nxd5 6. Bg2 Nb6 7. 0-0 Be7 8. Rb1 a5 9. Na4 Nd5 10. d3 0-0 11. Nc3 Be6 12. Nxd5 Bxd5 13. b3 f6 14. Bb2 a4 15. bxa4 Bxa2 16. Ra1 Bd5 17. Nd2 Bxg2 18. Kxg2 Qd5+ 19. Kg1 Bb4 20. Qb3 Qxb3 21. Nxb3 Ra6 22. Ba3 Rxa4 23. Bxb4 Rxb4 24. Nc5 Rb5 25. Rfc1 Nd4 26. Kf1 Rxc5 27. Rxc5 Nb3 28. Rcc1 c6 29. f4 exf4 30. gxf4 Nxc1 31. Rxc1 Ra8 32. Kf2 Kf7 33. e4 g6 34. Ke3 Ke6 35. h4 Ra5 36. Rb1 Rb5 37. Rxb5 cxb5 38. d4 h6 39. d5+ Kd6 40. Kd4 g5 41. hxg5 hxg5 42. e5+ fxe5+ 43. fxe5+ Kd7 44. e6+ Kd6 45. Ke4 g4 46. Kf5 g3 47. Kf6 g2 48. e7 g1Q 49. e8Q Qd4+ 50. Kf5 Qxd5+ 51. Kg4 Qc4+ 52. Kg3 Qd3+ 53. Kf4 Qd4+ 54. Kf3 b6 55. Qf8+ Kd5 56. Qf7+ Kc5 57. Qe7+ Kc4 58. Ke2 b4 59. Qe6+ Kc3 0-1

[Event "Olomouc Proclient Cup"]
[Site "Olomouc"]
[Date "2008.08.02"]
[Round "5"]
[White "Petrova, Kristyna"]
[Black "Cernin, Radim"]
[Result "0-1"]
[WhiteElo "2135"]
[BlackElo "2277"]
[PlyCount "102"]
[EventDate "2008.07.30"]
[EventType "tourn"]
[EventRounds "11"]
[EventCountry "CZE"]
[EventCategory "3"]
[SourceTitle "CBM 125 Extra"]
[Source "ChessBase"]
[SourceDate "2008.09.01"]
[SourceVersion "1"]
[SourceVersionDate "2008.09.01"]
[SourceQuality "1"]

1. e4 c5 2. Nf3 g6 3. c4 Nc6 4. d4 cxd4 5. Nxd4 Nf6 6. Nc3 d6 7. Be2 Nxd4 8. Qxd4 Bg7 9. Bg5 0-0 10. Qd2 Be6 11. Rc1 Qa5 12. 0-0 Rfc8 13. b3 a6 14. f3 b5 15. Nd5 Qxd2 16. Bxd2 Nxd5 17. cxd5 Bd4+ 18. Kh1 Bd7 19. Rxc8+ Rxc8 20. Rc1 Rc5 21. Bd3 Kf8 22. g4 e6 23. dxe6 Bxe6 24. Kg2 Ke7 25. Kf1 Rxc1+ 26. Bxc1 d5 27. Ke2 Kd6 28. Ba3+ Ke5 29. Bc1 Bg1 30. h3 Bh2 31. exd5 Bxd5 32. Be3 Bf4 33. Bb6 Bc1 34. Be3 Ba3 35. h4 h5 36. f4+ Kd6 37. gxh5 gxh5 38. Kf2 Be6 39. f5 Bd7 40. Kf3 Ke5 41. Bf4+ Kd4 42. Be4 Be7 43. Bg5 f6 44. Bd2 b4 45. Be1 Bb5 46. Bc2 Bc6+ 47. Ke2 Be4 48. Bf2+ Ke5 49. Bd3 Bxd3+ 50. Kxd3 Kxf5 51. Kd4 Kg4 0-1

[Event "Olomouc Proclient Cup"]
[Site "Olomouc"]
[Date "2008.08.01"]
[Round "4"]
[White "Cernin, Radim"]
[Black "Lahiri, Atanu"]
[Result "0-1"]
[WhiteElo "2277"]
[BlackElo "2338"]
[PlyCount "48"]
[EventDate "2008.07.30"]
[EventType "tourn"]
[EventRounds "11"]
[EventCountry "CZE"]
[EventCategory "3"]
[SourceTitle "CBM 125 Extra"]
[Source "ChessBase"]
[SourceDate "2008.09.01"]
[SourceVersion "1"]
[SourceVersionDate "2008.09.01"]
[SourceQuality "1"]

1. c4 g6 2. g3 Bg7 3. Bg2 d6 4. Nf3 e5 5. Nc3 f5 6. d3 Nf6 7. 0-0 0-0 8. Bg5 h6 9. Bxf6 Qxf6 10. Rb1 c6 11. Nd2 Be6 12. b4 Nd7 13. b5 e4 14. Rc1 d5 15. bxc6 bxc6 16. Qa4 d4 17. Ncb1 Ne5 18. dxe4 f4 19. Nf3 d3 20. exd3 Nxd3 21. Rc3 Nc5 22. Qxc6 Rfc8 23. Qb5 Rab8 24. e5 Qd8 0-1

[Event "Olomouc Proclient Cup"]
[Site "Olomouc"]
[Date "2008.08.01"]
[Round "3"]
[White "Sluka, Radek"]
[Black "Cernin, Radim"]
[Result "0-1"]
[WhiteElo "2326"]
[BlackElo "2277"]
[PlyCount "82"]
[EventDate "2008.07.30"]
[EventType "tourn"]
[EventRounds "11"]
[EventCountry "CZE"]
[EventCategory "3"]
[SourceTitle "CBM 125 Extra"]
[Source "ChessBase"]
[SourceDate "2008.09.01"]
[SourceVersion "1"]
[SourceVersionDate "2008.09.01"]
[SourceQuality "1"]

1. e4 c5 2. Nf3 g6 3. c4 Nc6 4. Nc3 Bg7 5. d3 d6 6. Be2 Bg4 7. 0-0 Nf6 8. Be3 0-0 9. h3 Bxf3 10. Bxf3 Ne8 11. g4 Nc7 12. Bg2 Rb8 13. f4 b5 14. e5 Nd4 15. cxb5 dxe5 16. a4 a6 17. bxa6 Nxa6 18. f5 Rxb2 19. Be4 e6 20. Rb1 Rxb1 21. Qxb1 Qh4 22. Bg2 exf5 23. Qb7 fxg4 24. Qxa6 gxh3 25. Bd5 Qg3+ 26. Kh1 e4 27. Bxe4 Qxe3 28. Qd6 Nf5 29. Bxf5 Be5 30. Qd5 Bxc3 31. Be4 Bg7 32. Qd7 Be5 33. Qg4 f5 34. Qf3 Qd2 35. Qxh3 Rb8 36. Bg2 Rb3 37. Qh4 Bf6 38. Qg3 Rxd3 39. Qc7 Rd7 40. Qxc5 Qh6+ 41. Kg1 Bd4+ 0-1

[Event "Olomouc Proclient Cup IM-A"]
[Site "Olomouc"]
[Date "2007.08.01"]
[Round "1"]
[White "Tibensky, Robert"]
[Black "Cernin, Radim"]
[Result "1-0"]
[WhiteElo "2433"]
[BlackElo "2314"]
[PlyCount "107"]
[EventDate "2007.08.01"]
[EventType "tourn"]
[EventRounds "11"]
[EventCountry "CZE"]
[EventCategory "2"]
[SourceTitle "CBM 119 Extra"]
[Source "ChessBase"]
[SourceDate "2007.09.04"]
[SourceVersion "1"]
[SourceVersionDate "2007.09.04"]
[SourceQuality "1"]

1. d4 Nf6 2. c4 e6 3. Nf3 Bb4+ 4. Nbd2 b6 5. e3 Bb7 6. Bd3 Ne4 7. 0-0 f5 8. Qc2 Bxd2 9. Nxd2 Qh4 10. f3 Nxd2 11. Bxd2 0-0 12. d5 Na6 13. b4 Rad8 14. a3 c5 15. e4 fxe4 16. fxe4 Nb8 17. bxc5 bxc5 18. Be3 exd5 19. cxd5 d6 20. Qd2 h6 21. Rab1 Qe7 22. h3 Rxf1+ 23. Rxf1 Nd7 24. Rb1 Nf6 25. Bf4 Bc8 26. Qc2 Rf8 27. Bh2 Nd7 28. Kh1 Ne5 29. Bf1 Bd7 30. Qc3 Ng6 31. Bd3 Be8 32. Bg3 Nf4 33. Rf1 Qg5 34. Kh2 Bg6 35. Bc2 Rf6 36. Qe1 Nh5 37. Rxf6 Qxf6 38. e5 dxe5 39. Bxe5 Qf7 40. Bxg6 Qxg6 41. d6 Qe6 42. Qc3 Qd5 43. g4 Qa2+ 44. Kg1 Qb1+ 45. Kf2 Qa2+ 46. Ke3 Nf6 47. Bxf6 gxf6 48. Qxf6 Qxa3+ 49. Kf4 c4 50. d7 Qc1+ 51. Ke5 Qe3+ 52. Kd6 Qb6+ 53. Ke7 Qc5+ 54. Ke8 1-0